00768nam a2200217Ia 450000500170000000800410001702000150005804000180007304100080009110000320009924501170013126000410024830000180028949000260030765000180033365000230035165000310037465100470040570000220045276500760047420211111074519.0130821s2003 sp gr spa  a8449306248 aCo-BoUCMbspa00aspa1 aBrzezinski, Zbigniewd1928-13aEl gran tablero mundial la supremacía estadounidense y sus imperativos geoestratégicoscZbigniew Brzezinski aBarcelona (España)bPaidósc2003 a229 páginas aEstado y Sociedadv6304aGeopolítica04aPolítica mundial04aRelaciones internacionales 7aEstados UnidosbRelaciones internacionales1 aSalomon, Mónica 4aThe grand chessboard. American primacy and its geostrategic imperatives